Lipman-Massie clinical electrocardiography. (Record no. 8035)

MARC details
000 -LEADER
fixed length control field 01247pam a2200349 a 4500
001 - CONTROL NUMBER
control field 2925008
003 - CONTROL NUMBER IDENTIFIER
control field OSt
005 - DATE AND TIME OF LATEST TRANSACTION
control field 20220922154043.0
008 - FIXED-LENGTH DATA ELEMENTS--GENERAL INFORMATION
fixed length control field 890328s1989 ilua b 001 0 eng c
010 ## - LIBRARY OF CONGRESS CONTROL NUMBER
LC control number 89005837
020 ## - INTERNATIONAL STANDARD BOOK NUMBER
International Standard Book Number 0815129491
040 ## - CATALOGING SOURCE
Original cataloging agency DNLM/DLC
Transcribing agency DLC
Modifying agency DLC
050 10 - LIBRARY OF CONGRESS CALL NUMBER
Classification number RC683.5.E5
Item number L5 1989
060 ## - NATIONAL LIBRARY OF MEDICINE CALL NUMBER
Classification number WG 140 L764c
082 00 - DEWEY DECIMAL CLASSIFICATION NUMBER
Classification number WC 140 L.6671 1989
Edition number 20
100 1# - MAIN ENTRY--PERSONAL NAME
Personal name Lipman, Bernard S.
Fuller form of name (Bernard Sylvester),
Dates associated with a name 1920-
9 (RLIN) 16346
240 10 - UNIFORM TITLE
Uniform title Clinical electrocardiography
245 10 - TITLE STATEMENT
Title Lipman-Massie clinical electrocardiography.
250 ## - EDITION STATEMENT
Edition statement 8th ed. /
Remainder of edition statement Marvin I. Dunn, Bernard S. Lipman.
260 ## - PUBLICATION, DISTRIBUTION, ETC. (IMPRINT)
Place of publication, distribution, etc. Chicago :
Name of publisher, distributor, etc. Year Book Medical Publishers,
Date of publication, distribution, etc. c1989.
300 ## - PHYSICAL DESCRIPTION
Extent xi, 620 p. :
Other physical details ill. ;
Dimensions 26 cm.
500 ## - GENERAL NOTE
General note Rev. ed of: Clinical electrocardiography. 7th ed. / Bernard S. Lipman, Marvin Dunn, Edward Massie, c1984.
504 ## - BIBLIOGRAPHY, ETC. NOTE
Bibliography, etc Includes bibliographical references.
650 #0 - SUBJECT ADDED ENTRY--TOPICAL TERM
Topical term or geographic name as entry element Electrocardiography.
9 (RLIN) 14848
650 #0 - SUBJECT ADDED ENTRY--TOPICAL TERM
Topical term or geographic name as entry element Heart
General subdivision Diseases
-- Diagnosis.
9 (RLIN) 3774
650 #2 - SUBJECT ADDED ENTRY--TOPICAL TERM
Topical term or geographic name as entry element Electrocardiography.
9 (RLIN) 14848
700 1# - ADDED ENTRY--PERSONAL NAME
Personal name Massie, Edward,
Dates associated with a name 1910-
9 (RLIN) 16347
700 1# - ADDED ENTRY--PERSONAL NAME
Personal name Dunn, Marvin,
Dates associated with a name 1927-
9 (RLIN) 16348
740 0# - ADDED ENTRY--UNCONTROLLED RELATED/ANALYTICAL TITLE
Uncontrolled related/analytical title Clinical electrocardiography.
906 ## - LOCAL DATA ELEMENT F, LDF (RLIN)
a 7
b cbc
c orignew
d 1
e ocip
f 19
g y-gencatlg
942 ## - ADDED ENTRY ELEMENTS (KOHA)
Source of classification or shelving scheme Other/Generic Classification Scheme
Koha item type Open Shelf
Holdings
Withdrawn status Lost status Source of classification or shelving scheme Damaged status Not for loan Home library Current library Date acquired Source of acquisition Inventory number Total Checkouts Full call number Barcode Date last seen Price effective from Koha item type
    Other/Generic Classification Scheme     MUST Main Library MUST Main Library 22/09/2022 Purchase 2000/14026   WC 140 L.6671 1989 2022-8002 22/09/2022 22/09/2022 Open Shelf
    Other/Generic Classification Scheme     MUST Main Library MUST Main Library 22/09/2022 Purchase 2000/14027   WC 140 L.6671 1989 2022-8003 22/09/2022 22/09/2022 Open Shelf